000 00919nam a2200265Ia 4500
003 OSt
005 20220923220246.0
006 a|||||r|||| 00| 0
007 ta
008 220922b |||||||| |||| 00| 0 hin d
024 _a185,521
037 _cTextual
040 _aARTS
_cARTS
_bhin
041 _2hin
_ahin
082 _aO152,1(Delta2521):g, L8
100 _aजैन, हिम्मत सिंह
245 0 _aहिन्दी कृष्ण चरित काव्य
246 _aHindī kṛuṣhṇa charit kāvya
260 _aदिल्ली
_b शारदा प्रकाशन
_c1978
300 _a220 पृ.
_ccm.
650 _a हिन्दी साहित्य
_9156264
650 _aहिन्दी कविता
942 _hO152,1(Delta2521):g, L8
_cTEXL
_2CC
999 _c338767
_d338767